00307pab a2200121 454500008004000000100001600040245006400056260000900120300001300129362001200142650001800154773001300172180718b2007 xxu||||| |||| 00| 0 eng d aSingh, U.B. aJawaharlal Nehru National Urban Renewal Mission: a critique c2007 ap.55-60. aOct-Dec aUrban renewal aNagarlok